| 000 | 00510nam a2200181 a 4500 | ||
|---|---|---|---|
| 005 | 20240611063624.0 | ||
| 008 | 010702s1988 mx r 000 0 spa d | ||
| 020 | _a9684303548 | ||
| 035 | _aUPN01000109056 | ||
| 049 | _aLT | ||
| 050 | 4 |
_aLB1647 M6.3 _bM6.6 |
|
| 100 | 1 | _aMoncho Morales, José | |
| 245 | 1 | 0 |
_aNaturaleza 3 / _cJosé Moncho Morales. |
| 260 |
_aMéxico : _bNUTESA, _c1988. |
||
| 300 |
_a192 p. : _bil. |
||
| 650 | 4 |
_aCiencias naturales _xEstudio y enseñanza (Secundaria) _97979 |
|
| 905 | _aLibro | ||
| 999 |
_c82967 _d82967 |
||